| 000 | 00399nam a2200169Ia 4500 | ||
|---|---|---|---|
| 008 | 230711s9999||||xx |||||||||||||| ||und|| | ||
| 041 | _aENG | ||
| 082 |
_a4 _bAH-D |
||
| 100 | _aAho,Alfred V | ||
| 245 | 0 | _aData structures and algorithms | |
| 250 | _a1st Ed. | ||
| 260 |
_c2006 _aNew Delhi _bPearson |
||
| 300 | _a433 | ||
| 650 | _aComputer Engineering | ||
| 700 | _aHopcroft,John E | ||
| 942 | _cBK | ||
| 999 |
_c4593 _d4593 |
||